[Event "Championnat de France 2006 - Accession"]
[Site "BESANCON"]
[Date "2006.08.25"]
[Round "10.1"]
[White "Edouard, Romain"]
[Black "Terrieux, Kevin"]
[Result "1-0"]
[WhiteElo "2404"]
[BlackElo "2343"]
[PlyCount "71"]
[EventDate "2006.??.??"]

1. e4 c5 2. Nf3 Nc6 3. d4 cxd4 4. Nxd4 Nf6 5. Nc3 e5 6. Ndb5 d6 7. Bg5 a6 8.
Na3 b5 9. Bxf6 gxf6 10. Nd5 f5 11. Bd3 Be6 12. c3 Bg7 13. Nxb5 axb5 14. Bxb5
Bd7 15. exf5 Nb8 16. Bd3 Na6 17. O-O Nc7 18. Be4 Nxd5 19. Qxd5 Ra6 20. a4 O-O
21. a5 Bc6 22. Qc4 Qa8 23. Bd3 Ra7 24. Qg4 f6 25. b4 Rb8 26. Rab1 d5 27. b5 Be8
28. a6 Rb6 29. c4 dxc4 30. Qxc4+ Kh8 31. Rfc1 Bd7 32. Rd1 Qb8 33. Qd5 Rd6 {
Diagramme #} 34. Qxd6 Qxd6 35. b6 Ra8 36. Be4 1-0

[Event "Championnat de France 2006 - Accession"]
[Site "BESANCON"]
[Date "2006.08.25"]
[Round "10.2"]
[White "Shoker, Samy"]
[Black "Bijaoui, Manuel"]
[Result "1/2-1/2"]
[WhiteElo "2355"]
[BlackElo "2363"]
[PlyCount "56"]
[EventDate "2006.??.??"]

1. g3 Nf6 2. Bg2 d5 3. d3 e5 4. Nd2 c6 5. Ngf3 Bd6 6. O-O O-O 7. e4 Nbd7 8. h3
a5 9. a4 Re8 10. b3 Nf8 11. Bb2 Ng6 12. Re1 Bd7 13. Re2 h5 14. exd5 cxd5 15. c4
Bf5 16. cxd5 Bxd3 17. Re3 Bf5 18. Nc4 Bc5 19. Re2 h4 20. Nxh4 Nxh4 21. gxh4 e4
22. Ne3 Bg6 23. Rd2 Bh5 24. Qf1 Bb4 25. Rd4 Bc5 26. Rd2 Bb4 27. Rd4 Bc5 28. Rd2
Bb4 1/2-1/2

[Event "Championnat de France 2006 - Accession"]
[Site "BESANCON"]
[Date "2006.08.25"]
[Round "10.3"]
[White "Seret, Jean-Luc"]
[Black "Govciyan, Pavel"]
[Result "0-1"]
[WhiteElo "2378"]
[BlackElo "2397"]
[PlyCount "72"]
[EventDate "2006.??.??"]

1. e4 g6 2. d4 Bg7 3. Nc3 d5 4. exd5 Nf6 5. Bc4 Nbd7 6. Bg5 O-O 7. Nge2 Nb6 8.
Bxf6 exf6 9. Bb3 f5 10. a4 Bd7 11. a5 Nc8 12. O-O Nd6 13. Ba4 Re8 14. Qd3 b5
15. Nxb5 Nxb5 16. Bxb5 Bxb5 17. Qxb5 Rb8 18. Qc4 Qe7 19. Rfe1 Rxb2 20. Kf1 Qd6
21. c3 Qxh2 22. Ng3 Rxe1+ 23. Rxe1 f4 24. Re8+ Bf8 25. Qc5 Qh6 26. Nh5 Rb1+ 27.
Ke2 Qxh5+ 28. f3 Qh6 29. d6 cxd6 30. Qxd6 Rb2+ 31. Kd3 Rxg2 32. c4 Rf2 33. c5
Rxf3+ 34. Kc4 Re3 35. Rxf8+ Qxf8 36. Qxf4 Qe8 0-1

[Event "Championnat de France 2006 - Accession"]
[Site "BESANCON"]
[Date "2006.08.25"]
[Round "10.4"]
[White "Manouck, Thierry"]
[Black "Chernuschevich, Alexei"]
[Result "0-1"]
[WhiteElo "2337"]
[BlackElo "2524"]
[PlyCount "60"]
[EventDate "2006.??.??"]

1. c4 e6 2. Nf3 d5 3. b3 Nf6 4. g3 Be7 5. Bg2 O-O 6. O-O c5 7. e3 Nc6 8. Bb2 d4
9. exd4 cxd4 10. Re1 Re8 11. a3 a5 12. Ne5 Nxe5 13. Rxe5 Bd6 14. Rb5 Rb8 15.
Bxd4 Bxg3 16. Ba7 Ra8 17. Be3 Bc7 18. Nc3 Qd6 19. f4 e5 20. d4 exf4 21. c5 Qd8
22. Bf2 Ng4 23. Ra2 Ne3 24. Bxe3 fxe3 25. Nd5 Ra6 26. Nxc7 Qxc7 27. d5 Rg6 28.
Qf3 Bg4 29. d6 Bxf3 30. dxc7 Bxg2 0-1

[Event "Championnat de France 2006 - Accession"]
[Site "BESANCON"]
[Date "2006.08.25"]
[Round "10.5"]
[White "Benitah, Yohan"]
[Black "Crut, Aurelien"]
[Result "0-1"]
[WhiteElo "2406"]
[BlackElo "2342"]
[PlyCount "76"]
[EventDate "2006.??.??"]

1. d4 d5 2. c4 e6 3. Nc3 c6 4. e3 Nf6 5. Nf3 Nbd7 6. Qc2 Bd6 7. g4 Bb4 8. a3
Bxc3+ 9. bxc3 O-O 10. Bd3 Qa5 11. Rg1 e5 12. Nd2 e4 13. Be2 Qc7 14. Rg3 h6 15.
h4 dxc4 16. g5 hxg5 17. hxg5 Nd5 18. Nxe4 b5 19. a4 a5 20. axb5 cxb5 21. Ba3
Bb7 22. Bd6 Qb6 23. Bxf8 Rxf8 24. Bg4 f5 25. gxf6 N7xf6 26. Ng5 Re8 27. Bf5 Qd6
28. Bh7+ Kf8 29. O-O-O b4 30. Bg6 bxc3 31. Rh1 Qa3+ 32. Kd1 Nb4 33. Rh8+ Ke7
34. Rxe8+ Nxe8 35. Qc1 Qa2 36. Ke1 Nd3+ 37. Bxd3 cxd3 38. Qxc3 Qe2# 0-1

[Event "Championnat de France 2006 - Accession"]
[Site "BESANCON"]
[Date "2006.08.25"]
[Round "10.6"]
[White "Chomet, Pascal"]
[Black "Robin, Samy"]
[Result "1-0"]
[WhiteElo "2350"]
[BlackElo "2289"]
[PlyCount "67"]
[EventDate "2006.??.??"]

1. e4 e5 2. Nf3 Nc6 3. Bb5 a6 4. Ba4 Nf6 5. O-O Be7 6. Re1 b5 7. Bb3 O-O 8. h3
d6 9. c3 Na5 10. Bc2 c5 11. d4 Qc7 12. Nbd2 Re8 13. Nf1 h6 14. Ng3 Bf8 15. b3
g6 16. d5 Nb7 17. c4 Bd7 18. Be3 Rab8 19. Nh2 Bg7 20. Bd3 Na5 21. Bd2 Kh7 22.
Ng4 Ng8 23. Ne3 Ne7 24. Rf1 Rf8 25. Qc2 Kg8 26. Rae1 g5 27. Be2 f5 28. exf5
bxc4 29. bxc4 Rf7 30. Bh5 Rf6 31. Bg4 Nxc4 32. Nxc4 Nxd5 33. Ne4 Rxf5 34. Ncxd6
1-0

[Event "Championnat de France 2006 - Accession"]
[Site "BESANCON"]
[Date "2006.08.25"]
[Round "10.7"]
[White "Khairallah, Faisal"]
[Black "Therkildsen, Thomas"]
[Result "0-1"]
[WhiteElo "2248"]
[BlackElo "2285"]
[PlyCount "100"]
[EventDate "2006.??.??"]

1. Nf3 c5 2. e4 Nc6 3. Nc3 d6 4. g3 g6 5. Bg2 Bg7 6. d3 e6 7. O-O Nge7 8. Be3
Nd4 9. Ne1 O-O 10. Nb1 Qb6 11. Bc1 Ne2+ 12. Qxe2 Bxb2 13. Bxb2 Qxb2 14. Nf3
Qxa1 15. c3 b5 16. Qc2 b4 17. Nfd2 Ba6 18. Nb3 Bxd3 19. Qxd3 Qxa2 20. cxb4 cxb4
21. N1d2 Rfd8 22. Nc4 Qa6 23. Ra1 Qb5 24. Ra5 Qd7 25. Ra6 Qb5 26. Ra5 Qd7 27.
Ra1 Nc6 28. Rd1 a5 29. Nb6 Ne5 30. Qd4 Qa7 31. Nxa8 Qxd4 32. Rxd4 Rxa8 33. f4
Nc6 34. Rxd6 a4 35. Nd2 b3 36. Rxc6 b2 37. Rb6 a3 38. e5 a2 39. Bxa8 a1=Q+ 40.
Kg2 Qxa8+ 41. Kh3 Qa1 42. Kg2 Qc1 43. Rb8+ Kg7 44. Rd8 Qd1 45. Rd6 Qe2+ 46. Kh3
h6 47. Rd7 g5 48. Rd8 Kg6 49. Rg8+ Kf5 50. fxg5 Qxd2 0-1

[Event "Championnat de France 2006 - Accession"]
[Site "BESANCON"]
[Date "2006.08.25"]
[Round "10.8"]
[White "Fargere, Francois"]
[Black "Feller, Sebastien"]
[Result "0-1"]
[WhiteElo "2311"]
[BlackElo "2345"]
[PlyCount "64"]
[EventDate "2006.??.??"]

1. e4 c5 2. Nf3 d6 3. d4 Nf6 4. Nc3 cxd4 5. Nxd4 a6 6. Bc4 e6 7. Bb3 Nbd7 8.
Bg5 Qa5 9. Bxf6 Nxf6 10. O-O b5 11. a3 Bb7 12. f4 Qb6 13. Kh1 Be7 14. f5 e5 15.
Nf3 Nxe4 16. Nd5 Nf2+ 17. Rxf2 Qxf2 18. Nc7+ Kf8 19. Nxa8 Bxa8 20. Bd5 Bxd5 21.
Qxd5 g6 22. f6 Bxf6 23. Qxd6+ Kg7 24. Nxe5 Re8 25. Nd3 Qxc2 26. Rf1 Re6 27. Qg3
Qe2 28. Qf3 Qxf3 29. gxf3 Re2 30. Rb1 Re3 31. Nb4 a5 32. Nc6 a4 0-1

[Event "Championnat de France 2006 - Accession"]
[Site "BESANCON"]
[Date "2006.08.25"]
[Round "10.9"]
[White "Bleunven, Andre"]
[Black "Alanic, Xavier"]
[Result "1-0"]
[WhiteElo "2276"]
[BlackElo "2202"]
[PlyCount "83"]
[EventDate "2006.??.??"]

1. d4 Nf6 2. Nf3 c5 3. d5 b5 4. Bg5 Bb7 5. Bxf6 gxf6 6. e4 Qb6 7. Be2 Rg8 8.
O-O a6 9. Re1 f5 10. e5 e6 11. c4 Bh6 12. Nc3 b4 13. Na4 Qc7 14. Qd3 a5 15. Nd2
Na6 16. Bf3 Qd8 17. Nb3 Rc8 18. Rad1 Qc7 19. Naxc5 Nxc5 20. Nxc5 Qxc5 21. dxe6
dxe6 22. Bxb7 Rb8 23. Ba6 Bg5 24. Qd6 Qxd6 25. exd6 Rb6 26. Bb5+ Kd8 27. Ba4
Rb8 28. c5 Kc8 29. c6 Rb6 30. Re5 Ra6 31. Rc5 Rd8 32. Rc4 Bf6 33. Rc2 Rb6 34.
g3 f4 35. Rcd2 Be5 36. Kg2 Ra6 37. Kf3 fxg3 38. hxg3 h5 39. Ke3 h4 40. f4 Bf6
41. Rc2 Ra8 42. Bb3 1-0

[Event "Championnat de France 2006 - Accession"]
[Site "BESANCON"]
[Date "2006.08.25"]
[Round "10.10"]
[White "Philippe, Christophe"]
[Black "Letreguilly, Olivier"]
[Result "1/2-1/2"]
[WhiteElo "2411"]
[BlackElo "2313"]
[PlyCount "60"]
[EventDate "2006.??.??"]

1. e4 c5 2. Nf3 e6 3. d4 cxd4 4. Nxd4 Nc6 5. Nc3 Qc7 6. Be2 a6 7. O-O Nf6 8.
Kh1 Nxd4 9. Qxd4 Bc5 10. Qd3 b5 11. f4 h5 12. e5 Ng4 13. Qh3 Nh6 14. a4 b4 15.
Ne4 Bb7 16. Bf3 Be7 17. Nd6+ Bxd6 18. exd6 Qc4 19. Be3 Bxf3 20. Qxf3 O-O 21.
Qxh5 Qxc2 22. Rf2 Qe4 23. Rf3 Rfc8 24. Rg3 Nf5 25. Rh3 f6 26. Bb6 Nxd6 27. Qh8+
Kf7 28. Qh5+ Kg8 29. Qh8+ Kf7 30. Qh5+ Kg8 1/2-1/2

[Event "Championnat de France 2006 - Accession"]
[Site "BESANCON"]
[Date "2006.08.25"]
[Round "10.13"]
[White "Saucey, Michel"]
[Black "Naudier, Serge"]
[Result "1-0"]
[WhiteElo "2342"]
[BlackElo "2277"]
[PlyCount "93"]
[EventDate "2006.??.??"]

1. d4 d5 2. c4 c6 3. Nf3 Nf6 4. Nc3 dxc4 5. a4 Bf5 6. e3 e6 7. Bxc4 Bb4 8. O-O
O-O 9. Nh4 Bg4 10. f3 Nd5 11. fxg4 Qxh4 12. Qf3 a5 13. e4 Nf6 14. g5 Nfd7 15.
g3 Qh3 16. Nd1 g6 17. Nf2 Qh5 18. Qxh5 gxh5 19. Bf4 c5 20. d5 Nb6 21. b3 exd5
22. Bxd5 Nxd5 23. exd5 Re8 24. Nd3 Bc3 25. Rac1 Bd4+ 26. Kg2 Nd7 27. Rfe1 f6
28. Re6 Rxe6 29. dxe6 Nf8 30. e7 Nd7 31. gxf6 Kf7 32. Bd6 Rc8 33. e8=Q+ Rxe8
34. Nxc5 Re2+ 35. Kh1 Nxf6 36. Rf1 Kg6 37. Nd3 Be3 38. Ne5+ Kg7 39. Bf8+ Kxf8
40. Rxf6+ Ke7 41. Rf3 Ke6 42. Nc4 Bd2 43. Rf8 Re1+ 44. Kg2 Bc3 45. Rb8 Re2+ 46.
Kh3 Bd4 47. Re8+ 1-0

[Event "Championnat de France 2006 - Accession"]
[Site "BESANCON"]
[Date "2006.08.25"]
[Round "10.18"]
[White "Delorme, Alban"]
[Black "Jolly, Jean-Francois"]
[Result "0-1"]
[WhiteElo "2314"]
[BlackElo "2266"]
[PlyCount "70"]
[EventDate "2006.??.??"]

1. e4 c5 2. Nf3 d6 3. d4 cxd4 4. Nxd4 Nf6 5. f3 e6 6. c4 Be7 7. Be3 O-O 8. Nc3
b6 9. Bd3 Bb7 10. O-O Nbd7 11. Rc1 Rc8 12. b3 Re8 13. Bb1 d5 14. cxd5 exd5 15.
Nxd5 Bxd5 16. exd5 Nxd5 17. Qd3 g6 18. Nc6 Rxc6 19. Qxd5 Rxc1 20. Bxc1 Bc5+ 21.
Kh1 Ne5 22. Qe4 h5 23. h3 Ng4 24. Qc4 Ne5 25. Qe4 Ng4 26. Qc4 Ne5 27. Qc2 Qh4
28. Bb2 Be3 29. f4 Bxf4 30. Qe4 Bg3 31. Qd5 Rd8 32. Qb7 Qf4 33. Qa6 Qd2 34.
Bxe5 Bxe5 35. Qxa7 Qf2 0-1

[Event "Championnat de France 2006 - Accession"]
[Site "BESANCON"]
[Date "2006.08.25"]
[Round "10.23"]
[White "Leburgue, Sylvain"]
[Black "Clery, Nicolas"]
[Result "0-1"]
[WhiteElo "2197"]
[BlackElo "2278"]
[PlyCount "26"]
[EventDate "2006.??.??"]

1. e4 e6 2. d4 d5 3. Nc3 Bb4 4. e5 c5 5. a3 Bxc3+ 6. bxc3 Ne7 7. Qg4 O-O 8. Bd3
f5 9. exf6 Rxf6 10. Qh5 h6 11. Bg5 hxg5 12. Qh7+ Kf7 13. Nf3 Rh6 0-1

[Event "Championnat de France 2006 - Open A"]
[Site "BESANCON"]
[Date "2006.08.25"]
[Round "10.1"]
[White "Marie, Maxime"]
[Black "Rigolot, Matthieu"]
[Result "1/2-1/2"]
[WhiteElo "2165"]
[BlackElo "2153"]
[PlyCount "73"]
[EventDate "2006.??.??"]

1. e4 c5 2. Nf3 d6 3. d4 cxd4 4. Nxd4 Nf6 5. Nc3 a6 6. Bg5 e6 7. f4 Qb6 8. Nb3
Nc6 9. Qf3 Bd7 10. O-O-O Rc8 11. Kb1 Qc7 12. Bd3 Be7 13. g4 h6 14. h4 Nb4 15.
Rhf1 Nxd3 16. cxd3 a5 17. Rc1 Qb6 18. e5 Bc6 19. Qe2 hxg5 20. exf6 gxf6 21.
fxg5 fxg5 22. hxg5 Bxg5 23. Ne4 Bxc1 24. Nxd6+ Kd7 25. Qe5 Bf4 26. Qxf4 Qb4 27.
Nc4 f6 28. Qxf6 Rcf8 29. Qd4+ Kc8 30. Rc1 Rh1 31. Rxh1 Bxh1 32. a3 Qxb3 33.
Qc5+ Kd7 34. Qd6+ Ke8 35. Qxe6+ Kd8 36. Qd6+ Ke8 37. Qe6+ 1/2-1/2

[Event "Championnat de France 2006 - Open A"]
[Site "BESANCON"]
[Date "2006.08.25"]
[Round "10.2"]
[White "Fischer, Marc"]
[Black "Oliveira, Sancho"]
[Result "1/2-1/2"]
[WhiteElo "2146"]
[BlackElo "2172"]
[PlyCount "53"]
[EventDate "2006.??.??"]

1. d4 d5 2. Nf3 Nf6 3. c4 c6 4. Qc2 dxc4 5. Qxc4 Bf5 6. g3 e6 7. Bg2 Be7 8. O-O
Nbd7 9. Nc3 O-O 10. Bg5 Rc8 11. Qb3 Qb6 12. e4 Bg4 13. e5 Bxf3 14. Bxf3 Qxb3
15. axb3 Nd5 16. Bxe7 Nxe7 17. Rxa7 Rb8 18. Ne4 Nf5 19. Rd1 Rfd8 20. Bg4 Nh6
21. Be2 Nf5 22. g4 Ne7 23. Nd6 Nc8 24. Nxc8 Rdxc8 25. f4 Nb6 26. Bc4 Nd5 27.
Bxd5 1/2-1/2

[Event "Championnat de France 2006 - Open A"]
[Site "BESANCON"]
[Date "2006.08.25"]
[Round "10.3"]
[White "Adda, Olivier"]
[Black "Bodenez, Vincent"]
[Result "1/2-1/2"]
[WhiteElo "2142"]
[BlackElo "2194"]
[PlyCount "105"]
[EventDate "2006.??.??"]

1. e4 c5 2. c3 e6 3. d4 d5 4. exd5 exd5 5. Nf3 Nc6 6. Be3 c4 7. b3 cxb3 8. axb3
Nf6 9. Bd3 Bd6 10. O-O O-O 11. h3 Re8 12. Bg5 h6 13. Bh4 g5 14. Bg3 Ne4 15.
Bxd6 Qxd6 16. Nh2 f5 17. Qh5 Bd7 18. Ra2 Kg7 19. Bxe4 dxe4 20. f4 exf3 21. Qxf3
Re4 22. Nd2 Rf4 23. Nc4 Rxf3 24. Nxd6 Rxc3 25. Nxb7 Nxd4 26. Rd1 Rc7 27. Rxd4
Rxb7 28. Re2 Rf8 29. Nf3 Bc6 30. Ne5 Be4 31. Ra2 Re8 32. Ra5 Ree7 33. b4 Rbc7
34. Nc4 Red7 35. Nd6 Kg6 36. Ra6 Rc6 37. Nxe4 Rxa6 38. Rxd7 fxe4 39. Kf2 Kf5
40. Rd5+ Ke6 41. Rc5 Ra2+ 42. Ke3 Rxg2 43. Kxe4 Re2+ 44. Kd3 Ra2 45. Rc6+ Kd5
46. Rxh6 Ra3+ 47. Ke2 Kc4 48. h4 Ra2+ 49. Kf3 gxh4 50. Rxh4+ Kc3 51. b5 Ra5 52.
Rh7 Kb4 53. Rb7 1/2-1/2

[Event "Championnat de France 2006 - Open A"]
[Site "BESANCON"]
[Date "2006.08.25"]
[Round "10.5"]
[White "Entem, Alan"]
[Black "Camus, Berenger"]
[Result "0-1"]
[WhiteElo "2144"]
[BlackElo "2135"]
[PlyCount "96"]
[EventDate "2006.??.??"]

1. e4 c5 2. Nf3 Nc6 3. d4 cxd4 4. Nxd4 e5 5. Nb5 a6 6. Nd6+ Bxd6 7. Qxd6 Qf6 8.
Qxf6 Nxf6 9. Nc3 d5 10. exd5 Nb4 11. Bd3 Nfxd5 12. Nxd5 Nxd5 13. O-O f6 14. f4
exf4 15. c4 Nb4 16. Re1+ Kf7 17. Be4 f5 18. Bb1 g5 19. Bd2 Nc6 20. Bc3 Rd8 21.
a3 Be6 22. Ba2 Nd4 23. Re5 Nc2 24. Rc1 Ne3 25. Re1 Rac8 26. Ba5 Re8 27. Bb6
Bxc4 28. Rxe8 Rxe8 29. Rxe3 Bxa2 30. Rxe8 Kxe8 31. Kf2 Bd5 32. g3 fxg3+ 33.
hxg3 Ke7 34. Ke3 Ke6 35. Bc7 b5 36. Bb6 Bb7 37. Bd4 h5 38. Bb6 h4 39. gxh4 f4+
40. Kf2 g4 41. Bc7 Kf5 42. h5 g3+ 43. Kg1 Kg4 44. h6 Be4 45. Bb6 f3 46. Be3 Kh5
47. Kf1 Bd3+ 48. Ke1 Kg6 0-1

[Event "Championnat de France 2006 - Open A"]
[Site "BESANCON"]
[Date "2006.08.25"]
[Round "10.6"]
[White "Serve, Emmanuel"]
[Black "Faure, Stephane"]
[Result "1-0"]
[WhiteElo "1944"]
[BlackElo "2143"]
[PlyCount "61"]
[EventDate "2006.??.??"]

1. e4 e6 2. d4 c5 3. d5 exd5 4. exd5 d6 5. c4 Be7 6. Bd3 Nf6 7. h3 Na6 8. Nc3
O-O 9. Nge2 Nc7 10. a4 Na6 11. O-O Nb4 12. Bb1 a6 13. Ng3 g6 14. Qf3 Rb8 15.
Re1 Re8 16. Bg5 Nd7 17. Qe2 Ne5 18. Bxe7 Rxe7 19. f4 Nec6 20. Nge4 f5 21. dxc6
bxc6 22. Nf6+ Kf7 23. Qxe7+ Qxe7 24. Rxe7+ Kxe7 25. Nxh7 d5 26. Ng5 d4 27. Nd1
Be6 28. Nxe6 Kxe6 29. Ra3 Re8 30. Kf1 Kf6 31. Nf2 1-0

[Event "Championnat de France 2006 - Open A"]
[Site "BESANCON"]
[Date "2006.08.25"]
[Round "10.7"]
[White "Debray, Tristan"]
[Black "Gaubil, Olivier"]
[Result "0-1"]
[WhiteElo "2126"]
[BlackElo "2103"]
[PlyCount "52"]
[EventDate "2006.??.??"]

1. e4 e6 2. d3 d5 3. Nd2 c5 4. Ngf3 Nc6 5. g3 g6 6. Bg2 Bg7 7. O-O Nge7 8. Re1
Qc7 9. Qe2 b6 10. e5 a5 11. h4 h6 12. Nf1 Ba6 13. c3 O-O-O 14. Bf4 g5 15. hxg5
Ng6 16. Qd2 Nxf4 17. gxf4 Rdg8 18. d4 hxg5 19. fxg5 Bf8 20. Qf4 Rh7 21. Ne3 f5
22. Bf1 Bb7 23. Bd3 Ne7 24. Qg3 Ng6 25. Ng2 Rgh8 26. Kf1 Rh3 0-1

[Event "Championnat de France 2006 - Open A"]
[Site "BESANCON"]
[Date "2006.08.25"]
[Round "10.8"]
[White "Duverne, Jean-Marie"]
[Black "Aurel, Luc"]
[Result "1-0"]
[WhiteElo "2089"]
[BlackElo "2158"]
[PlyCount "73"]
[EventDate "2006.??.??"]

1. e4 d6 2. d4 g6 3. Nc3 Bg7 4. Be3 a6 5. Qd2 Nd7 6. Bd3 c5 7. Nf3 cxd4 8. Nxd4
Ne5 9. h3 Nxd3+ 10. Qxd3 Nf6 11. O-O O-O 12. a4 b6 13. Nc6 Qc7 14. Nd5 Nxd5 15.
exd5 Bb7 16. a5 b5 17. Bb6 Qd7 18. Rae1 e5 19. Nb4 f5 20. b3 e4 21. Qd2 Rac8
22. Bd4 Bxd4 23. Qxd4 Qc7 24. f3 Qc5 25. Rd1 exf3 26. Rxf3 Rfe8 27. Rfd3 Re4
28. Qxc5 Rxc5 29. Rd4 Rxd4 30. Rxd4 Kf7 31. Kf2 Kf6 32. Ke3 Ke5 33. Nd3+ Kf6
34. Nxc5 dxc5 35. Rd2 Ke7 36. d6+ Kd7 37. Kf4 1-0

[Event "Championnat de France 2006 - Open A"]
[Site "BESANCON"]
[Date "????.??.??"]
[Round "10.9"]
[White "Debeaune, Robin"]
[Black "Blanche, Paul"]
[Result "1-0"]
[WhiteElo "2150"]
[BlackElo "2075"]
[PlyCount "55"]

1. e4 c5 2. Nf3 Nc6 3. Nc3 g6 4. d4 cxd4 5. Nxd4 Bg7 6. Be3 Nf6 7. Nb3 O-O 8.
Be2 d5 9. exd5 Nb4 10. Bf3 Bf5 11. Rc1 Rc8 12. a3 Rxc3 13. axb4 Bxc2 14. Rxc2
Rxb3 15. Re2 Rxb4 16. Bc5 Rc4 17. Bxe7 Qc7 18. O-O Rc8 19. d6 Qd7 20. h3 h5 21.
Qb3 b5 22. Qe3 a5 23. Rd1 a4 24. Qb6 b4 25. Qb7 b3 26. Bxf6 Qxb7 27. Bxb7 Rc1
28. Ree1 1-0

[Event "Championnat de France 2006 - Open A"]
[Site "BESANCON"]
[Date "2006.08.25"]
[Round "10.10"]
[White "Prodhomme, Boris"]
[Black "Duchateau, Thomas"]
[Result "0-1"]
[WhiteElo "2048"]
[BlackElo "2129"]
[PlyCount "66"]
[EventDate "2006.??.??"]

1. d4 Nf6 2. c4 c5 3. d5 e6 4. Nc3 exd5 5. cxd5 Bd6 6. g3 Bc7 7. Bg2 d6 8. Nf3
O-O 9. O-O a6 10. a4 Nbd7 11. e4 Re8 12. Nd2 Rb8 13. Qc2 b5 14. axb5 axb5 15.
b4 c4 16. Nf3 Ne5 17. Nxe5 Rxe5 18. Bb2 Rh5 19. Ne2 Ng4 20. Qc3 Qg5 21. h4 Qh6
22. Bc1 g5 23. Bf3 Bd8 24. Ra7 Qg6 25. Bxg4 Bxg4 26. Bb2 f6 27. Nd4 gxh4 28.
Ne6 Bxe6 29. dxe6 hxg3 30. fxg3 Bb6+ 31. Kg2 Qxe4+ 32. Qf3 Qxf3+ 33. Rxf3 Bxa7
0-1

[Event "Championnat de France 2006 - Open B"]
[Site "BESANCON"]
[Date "2006.08.25"]
[Round "10.1"]
[White "Fevre, Mathieu"]
[Black "Le, Samuel"]
[Result "1-0"]
[WhiteElo "1905"]
[BlackElo "1937"]
[PlyCount "37"]
[EventDate "2006.??.??"]

1. e4 d6 2. d4 g6 3. Nc3 Bg7 4. Nf3 a6 5. Bc4 b5 6. Bb3 Nf6 7. Qe2 O-O 8. e5
Nfd7 9. e6 fxe6 10. Bxe6+ Kh8 11. O-O Bb7 12. Ng5 Nc6 13. Qg4 Nxd4 14. Bxd7 h6
15. Be6 Nxe6 16. Nxe6 Bc8 17. Qxg6 Bxe6 18. Bxh6 Bxc3 19. bxc3 1-0

[Event "Championnat de France 2006 - Open B"]
[Site "BESANCON"]
[Date "2006.08.25"]
[Round "10.2"]
[White "Chobaut, Nicolas"]
[Black "Pingue, Renaud"]
[Result "1/2-1/2"]
[WhiteElo "1974"]
[BlackElo "1932"]
[PlyCount "74"]
[EventDate "2006.??.??"]

1. d4 d5 2. Nf3 Nf6 3. c4 c6 4. Nc3 e6 5. Bg5 dxc4 6. e4 b5 7. e5 h6 8. Bh4 g5
9. exf6 gxh4 10. Ne5 Qxf6 11. a4 Bb4 12. Be2 Bb7 13. Bf3 Qe7 14. O-O Bxc3 15.
bxc3 h3 16. g3 a6 17. Be4 Nd7 18. Bxc6 Bxc6 19. Nxc6 Qd6 20. Qf3 Rc8 21. axb5
axb5 22. Rfe1 Rxc6 23. Ra8+ Nb8 24. Rxb8+ Qxb8 25. Qxc6+ Kf8 26. Rb1 Kg7 27.
Qe4 h5 28. Qh4 Qa8 29. Qxh3 Qf3 30. Rxb5 Qxc3 31. Qh4 Qc1+ 32. Kg2 c3 33. Qg5+
Qxg5 34. Rxg5+ Kf6 35. Rc5 Rd8 36. Rxc3 Rxd4 37. Kf3 Ra4 1/2-1/2

[Event "Championnat de France 2006 - Open B"]
[Site "BESANCON"]
[Date "2006.08.25"]
[Round "10.3"]
[White "Marceline, Philippe"]
[Black "Lepot, Simon"]
[Result "1-0"]
[WhiteElo "1880"]
[BlackElo "1880"]
[PlyCount "131"]
[EventDate "2006.??.??"]

1. e4 c5 2. Nf3 d6 3. Bb5+ Bd7 4. Bxd7+ Qxd7 5. c4 e5 6. Nc3 Ne7 7. d3 Nbc6 8.
a3 g6 9. Rb1 Bg7 10. b4 O-O 11. O-O f5 12. Nd5 h6 13. Ne1 f4 14. f3 Nd4 15.
Nxe7+ Qxe7 16. Rf2 Bf6 17. Rfb2 b6 18. a4 Bh4 19. Nc2 Ne6 20. bxc5 Nxc5 21. Nb4
Qd7 {#} 22. a5 bxa5 23. Nd5 Rfc8 24. Rb5 a4 25. R1b4 Bd8 26. Ba3 a6 27. Nb6
Bxb6 28. Rxb6 Qa7 29. Kf1 Rd8 30. Rb1 Nb3 31. Rxd6 Rxd6 32. Bxd6 Qe3 33. Rxb3
axb3 34. Qxb3 Rd8 35. c5+ Kg7 36. Qb7+ Kg8 37. Qd5+ Kg7 38. Bxe5+ Kf8 39. Bd6+
Rxd6 40. Qxd6+ Kf7 41. Qd7+ Kf6 42. Qd8+ Kf7 43. Qd5+ Kf8 44. Qa8+ Kf7 45. Qb7+
Kf8 46. Qb8+ Ke7 47. Qe5+ Kd7 48. Qg7+ Kc8 49. Qc3 a5 50. e5 a4 51. c6 Qb6 52.
e6 Qb1+ 53. Ke2 Qa2+ 54. Kd1 Qxe6 55. Kc2 Kc7 56. Qa5+ Kxc6 57. Qxa4+ Kc5 58.
Qa5+ Kd4 59. Qc3+ Kd5 60. Qc4+ Ke5 61. Qxe6+ Kxe6 62. Kc3 Kd5 63. d4 g5 64. Kd3
h5 65. h3 h4 66. Kc3 1-0

[Event "Championnat de France 2006 - Open B"]
[Site "BESANCON"]
[Date "2006.08.25"]
[Round "10.4"]
[White "Iwanesko, Alexandre"]
[Black "Baudon, Sebastien"]
[Result "1-0"]
[WhiteElo "1760"]
[BlackElo "1984"]
[PlyCount "105"]
[EventDate "2006.??.??"]

1. c4 Nf6 2. Nf3 b6 3. g3 Bb7 4. Bg2 e5 5. d3 Bb4+ 6. Bd2 Bxd2+ 7. Nbxd2 O-O 8.
O-O d6 9. b4 Nbd7 10. Qc2 Qe7 11. Nb3 c5 12. bxc5 Nxc5 13. Nxc5 bxc5 14. a4
Rab8 15. a5 Nh5 16. Qa4 f5 17. Rfb1 Nf6 18. Nh4 Bxg2 19. Nxg2 Qc7 20. Rb5 a6
21. Rb6 Rxb6 22. axb6 Qxb6 23. Qxa6 Rb8 24. Qxb6 Rxb6 25. Ne3 g6 26. Nd5 Nxd5
27. cxd5 Rb7 28. Ra6 Rd7 29. f4 exf4 30. gxf4 Kf7 31. e4 fxe4 32. dxe4 h6 33.
Kf2 g5 34. Ke3 Ke7 35. Rc6 Ra7 36. f5 Ra3+ 37. Kf2 Ra2+ 38. Kg3 Ra3+ 39. Kg4
Re3 40. f6+ Kxf6 41. Rxd6+ Kg7 42. Kf5 Rf3+ 43. Ke5 h5 44. Rc6 h4 45. d6 Rf8
46. d7 Rd8 47. Ke6 g4 48. Rxc5 Kg6 49. Ke7 Rh8 50. d8=Q Rxd8 51. Kxd8 g3 52.
hxg3 hxg3 53. Rc3 1-0

[Event "Championnat de France 2006 - Open B"]
[Site "BESANCON"]
[Date "2006.08.25"]
[Round "10.5"]
[White "Lambert, Romain"]
[Black "Tardif, Olivier"]
[Result "1/2-1/2"]
[WhiteElo "1521"]
[BlackElo "1979"]
[PlyCount "39"]
[EventDate "2006.??.??"]

1. d4 Nf6 2. c4 g6 3. Nc3 Bg7 4. e4 d6 5. Be2 Nbd7 6. Nf3 c5 7. O-O O-O 8. e5
dxe5 9. dxe5 Ng4 10. e6 Nde5 11. h3 Qxd1 12. exf7+ Rxf7 13. Rxd1 Nxf3+ 14. Bxf3
Ne5 15. Be2 Be6 16. Nd5 Rc8 17. Be3 b6 18. Rac1 Bd7 19. Rc2 Nc6 20. Rcd2
1/2-1/2

[Event "Championnat de France 2006 - Open C"]
[Site "BESANCON"]
[Date "2006.08.25"]
[Round "10.1"]
[White "Farinone, Jean-Marc"]
[Black "Saucey, Capucine"]
[Result "1-0"]
[WhiteElo "1599"]
[BlackElo "1660"]
[PlyCount "183"]
[EventDate "2006.??.??"]

1. d4 d5 2. c4 e6 3. Nc3 Be7 4. Nf3 Nf6 5. Bg5 h6 6. Bh4 O-O 7. e3 b6 8. cxd5
Nxd5 9. Bxe7 Qxe7 10. Qb3 Bb7 11. Be2 Nd7 12. O-O c5 13. a3 Rfc8 14. Rac1 N7f6
15. Rfd1 Nxc3 16. Rxc3 Ne4 17. Rc2 Rc7 18. Rdc1 Rac8 19. Qa4 Ba8 20. h3 Kf8 21.
dxc5 Nxc5 22. Qf4 Bxf3 23. gxf3 e5 24. Qf5 Qg5+ 25. Qxg5 hxg5 26. Kg2 Ne6 27.
Rxc7 Rxc7 28. Rxc7 Nxc7 29. Kg3 Ke7 30. Kg4 Kf6 31. h4 gxh4 32. Kxh4 Ne6 33.
Bc4 Nc5 34. Kg4 Kg6 35. b4 Na4 36. Bd3+ Kf6 37. f4 exf4 38. Kxf4 Nc3 39. f3 Nd1
40. e4 Nf2 41. Bf1 Nd1 42. e5+ Ke7 43. Ke4 Kd7 44. Bb5+ Ke6 45. Bc4+ Ke7 46.
Kd4 g6 47. Ke4 Ke8 48. Kd4 Ke7 49. Bb3 Nf2 50. Bc4 Nd1 51. Be2 Nf2 52. Kd5 Kd7
53. Bb5+ Kc7 54. Be8 Nd3 55. Bxf7 Kd7 56. e6+ Ke7 57. Kc6 a5 58. bxa5 bxa5 59.
Kb5 g5 60. Kxa5 Ne5 61. Bh5 Kxe6 62. Kb5 Kd6 63. a4 Kc7 64. Kc5 Nd3+ 65. Kd4
Nf4 66. Bf7 Ne2+ 67. Ke5 Nc3 68. Be8 Kd8 69. Bb5 Kc7 70. Kf6 g4 71. fxg4 Kb6
72. Be8 Ka5 73. Kf5 Nd5 74. g5 Ne7+ 75. Kf6 Nd5+ 76. Kg7 Nc7 77. Bd7 Nd5 78.
Kh6 Ne7 79. g6 Nxg6 80. Kxg6 Kb6 81. Kf6 Kc7 82. Bb5 Kb6 83. Ke5 Ka5 84. Kd4
Kb6 85. Kc4 Ka5 86. Kb3 Kb6 87. Kb4 Kb7 88. Ka5 Ka7 89. Bc6 Kb8 90. Kb6 Kc8 91.
a5 Kb8 92. a6 1-0